[Event "57th World Juniors 2018"]
[Site "Manavgat TUR"]
[Date "2018.09.11"]
[Round "7.24"]
[White "Lorparizangeneh, Shahin"]
[Black "Murphy, Conor E"]
[Result "1/2-1/2"]
[WhiteTitle "GM"]
[BlackTitle "FM"]
[WhiteElo "2491"]
[BlackElo "2357"]
[WhiteFideId "12521604"]
[BlackFideId "421669"]
[EventDate "2018.09.05"]

1. d4 d5 2. Bf4 e6 3. e3 Bd6 4. Nf3 Bxf4 5. exf4 Ne7 6. Nbd2 b6 7. c3 O-O 8. b4
c5 9. Bd3 g6 10. g3 Nf5 11. O-O Nc6 12. bxc5 bxc5 13. dxc5 Qa5 14. Nb3 Qxc3 15.
Bxf5 gxf5 16. Nfd4 Nxd4 17. Qxd4 Qxd4 18. Nxd4 Ba6 19. Rfb1 Rfc8 20. c6 Rc7 21.
Rb4 Rac8 22. Rab1 Kf8 23. Ra4 Bc4 24. Rb7 a6 25. Kg2 Ke7 26. Kf3 Kd6 27. Rb1 Bd3
28. Rb3 Bc4 29. Rb1 Bd3 30. Rd1 Bb5 31. Ra3 Bc4 32. Rb1 Kc5 33. Ke3 Kd6 34. Kf3
Kc5 35. Ke3 Kd6 36. Kd2 Kc5 37. Ke3 1/2-1/2

[Event "57th World Juniors 2018"]
[Site "Manavgat TUR"]
[Date "2018.09.11"]
[Round "7.25"]
[White "Schitco, Ivan"]
[Black "Sadikhov, Ulvi"]
[Result "1/2-1/2"]
[WhiteTitle "FM"]
[BlackTitle "IM"]
[WhiteElo "2358"]
[BlackElo "2491"]
[WhiteFideId "13905465"]
[BlackFideId "13401416"]
[EventDate "2018.09.05"]

1. d4 d6 2. e4 Nf6 3. Bd3 c5 4. c3 Qc7 5. Ne2 g6 6. O-O Bg7 7. a3 O-O 8. b4 b6
9. f3 Nfd7 10. Be3 Nc6 11. Nd2 e5 12. d5 Ne7 13. a4 Rb8 14. Qb3 h5 15. Rfb1 Kh7
16. a5 Bh6 17. Bxh6 Kxh6 18. axb6 axb6 19. Bb5 f5 20. Ra2 Nf6 21. Rba1 Bb7 22.
c4 f4 23. Ba6 Ba8 24. Bb5 Bb7 25. Ba6 g5 26. Bxb7 Rxb7 27. Nc3 Nc8 28. Nb5 Qg7
29. Ra8 Rd7 30. Rb8 g4 31. Raa8 Qg8 32. bxc5 bxc5 33. Ra6 Kh7 34. Qa3 Rg7 35.
Nf1 Nd7 36. Rxc8 Rxc8 37. Nxd6 Rf8 38. Nf5 Rg6 39. Ra7 Rf7 40. Ra8 Rf8 1/2-1/2

[Event "57th World Juniors 2018"]
[Site "Manavgat TUR"]
[Date "2018.09.11"]
[Round "7.26"]
[White "Schekachikhin, Maksim"]
[Black "Sargsyan, Shant"]
[Result "1-0"]
[WhiteTitle "IM"]
[BlackTitle "IM"]
[WhiteElo "2356"]
[BlackElo "2477"]
[WhiteFideId "24177830"]
[BlackFideId "13306766"]
[EventDate "2018.09.05"]

1. d4 Nf6 2. c4 e6 3. Nf3 d5 4. Nc3 Bb4 5. g3 O-O 6. Bg2 dxc4 7. O-O Nc6 8. a3
Be7 9. e4 Na5 10. Be3 c6 11. Qe2 b5 12. Rad1 Bb7 13. Ne5 Qc7 14. f4 Rad8 15. g4
Nd7 16. Nxd7 Rxd7 17. e5 c5 18. d5 exd5 19. Bxd5 b4 20. e6 Rdd8 21. exf7+ Kh8
22. axb4 cxb4 23. Nb5 Qd7 24. Bxb7 Qxb5 25. Be4 Rxf7 26. g5 Nb3 27. Qh5 g6 28.
Bxg6 Rg7 29. Rxd8+ Bxd8 30. Be8 Qf5 31. Ba4 Qe4 32. Qf3 Re7 33. Qxe4 Rxe4 34.
Bxa7 Bc7 35. f5 Rg4+ 36. Kh1 Rxg5 37. f6 Kg8 38. f7+ Kf8 39. Be3 Rh5 40. Rf2 Nc5
41. Bd1 Nd3 42. Bxh5 Nxf2+ 43. Kg2 1-0

[Event "57th World Juniors 2018"]
[Site "Manavgat TUR"]
[Date "2018.09.11"]
[Round "7.27"]
[White "Sawlin, Leonid"]
[Black "Tutisani, Noe"]
[Result "1-0"]
[WhiteTitle "FM"]
[BlackTitle "IM"]
[WhiteElo "2355"]
[BlackElo "2471"]
[WhiteFideId "4689542"]
[BlackFideId "13602853"]
[EventDate "2018.09.05"]

1. e4 c5 2. Nf3 d6 3. d4 cxd4 4. Nxd4 Nf6 5. Nc3 g6 6. Be3 Bg7 7. f3 Nc6 8. Bc4
O-O 9. Qd2 Bd7 10. O-O-O Ne5 11. Bb3 Rc8 12. Kb1 Re8 13. Bg5 Rc5 14. f4 Neg4 15.
Rhe1 e5 16. Nf3 exf4 17. Qxd6 Qc7 18. Qxc7 Rxc7 19. e5 Nh5 20. Nd5 Rcc8 21. h3
Nf2 22. Rd2 h6 23. Bh4 Nxh3 24. Ne7+ Rxe7 25. Bxe7 Bc6 26. e6 Bf8 27. exf7+ Kg7
28. Be6 1-0

[Event "57th World Juniors 2018"]
[Site "Manavgat TUR"]
[Date "2018.09.11"]
[Round "7.28"]
[White "Kalogeris, Ioannis"]
[Black "Gavrilescu, David"]
[Result "0-1"]
[BlackTitle "FM"]
[WhiteElo "2352"]
[BlackElo "2470"]
[WhiteFideId "4239563"]
[BlackFideId "1227190"]
[EventDate "2018.09.05"]

1. d4 Nf6 2. c4 e6 3. Nf3 d5 4. Nc3 Bb4 5. e3 O-O 6. Bd3 dxc4 7. Bxc4 c5 8. O-O
Nc6 9. a3 Ba5 10. Ne2 cxd4 11. exd4 h6 12. Bf4 Bc7 13. Rc1 Bxf4 14. Nxf4 Qd6 15.
Qd2 Rd8 16. Rfd1 Ne7 17. Nd3 b6 18. Nde5 Bb7 19. Qf4 Rac8 20. h4 Bxf3 21. Qxf3
Nf5 22. Qh3 b5 23. Bf1 Rxc1 24. Rxc1 Nxd4 25. Nd3 a6 26. Nc5 Qf4 27. Rc3 Qd2 28.
Rd3 Qc1 29. Rxd4 Rxd4 30. Nb3 Qxb2 31. Nxd4 Qxd4 32. Qf3 g6 33. a4 bxa4 34. Bxa6
Qxh4 35. Bb5 Ng4 36. g3 Qh2+ 37. Kf1 a3 38. Bc4 Ne5 39. Qa8+ Kh7 40. Bxe6 fxe6
41. Qb7+ Kg8 42. Qb8+ Kf7 43. Qc7+ Kf6 44. Qd8+ Kg7 45. Qc7+ Nf7 0-1

[Event "57th World Juniors 2018"]
[Site "Manavgat TUR"]
[Date "2018.09.11"]
[Round "7.29"]
[White "Morozov, Nichita"]
[Black "Bashirli, Nail"]
[Result "1/2-1/2"]
[WhiteTitle "IM"]
[BlackTitle "IM"]
[WhiteElo "2452"]
[BlackElo "2354"]
[WhiteFideId "13900897"]
[BlackFideId "13406809"]
[EventDate "2018.09.05"]

1. d4 Nf6 2. Nf3 e6 3. e3 b6 4. Bd3 Bb7 5. O-O c5 6. b3 Be7 7. Bb2 O-O 8. Nbd2
d6 9. Qe2 Nbd7 10. c4 Re8 11. Rad1 Bf8 12. e4 cxd4 13. Bxd4 Qc7 14. e5 dxe5 15.
Nxe5 Nc5 16. Bb1 Rad8 17. Bb2 Qe7 18. Ndf3 Nce4 19. h3 Qc7 20. Ng4 Bc5 21. Nxf6+
Nxf6 22. Ne5 Rxd1 23. Rxd1 Rd8 24. Rxd8+ Qxd8 25. Kf1 Qd6 26. Qd3 Ne4 27. Qxd6
Bxd6 28. Bc2 f6 29. Nd3 Kf7 30. f3 Ng3+ 31. Kf2 Nf5 32. b4 Bg3+ 33. Ke2 Nh4 34.
Kf1 Nf5 35. Bb3 Ke7 36. a4 e5 37. Nf2 Ne3+ 38. Kg1 Nf5 39. Bc2 Ne3 40. Bb3 Nf5
41. Bc2 g6 42. b5 Nd4 43. Be4 Bxf2+ 44. Kxf2 Bxe4 45. fxe4 Nb3 46. Ba3+ Ke6 47.
Ke3 h5 48. g4 hxg4 49. hxg4 g5 50. Bb4 Kd7 51. Bc3 Kd6 52. Bb4+ Kd7 53. Bc3 Kd6
54. Bb4+ 1/2-1/2

[Event "57th World Juniors 2018"]
[Site "Manavgat TUR"]
[Date "2018.09.11"]
[Round "7.30"]
[White "Mohammad, Nubairshah Shaikh"]
[Black "Hollan, Martin"]
[Result "1/2-1/2"]
[WhiteTitle "IM"]
[BlackTitle "FM"]
[WhiteElo "2443"]
[BlackElo "2336"]
[WhiteFideId "5053196"]
[BlackFideId "360937"]
[EventDate "2018.09.05"]

1. c4 c5 2. Nc3 Nc6 3. Nf3 Nd4 4. e3 Nxf3+ 5. Qxf3 g6 6. b3 Bg7 7. Bb2 Nh6 8. g4
f5 9. g5 Nf7 10. h4 d6 11. O-O-O e6 12. d4 cxd4 13. exd4 h6 14. h5 Nxg5 15. Qg3
f4 16. Qxf4 Rf8 17. Qh4 Qf6 18. Nb5 Kd7 19. c5 Qxf2 20. Qxf2 Rxf2 21. Nxd6 gxh5
22. Rxh5 Ke7 23. Ba3 Rxa2 24. Bb2 e5 25. Nxc8+ Rxc8 26. Kb1 Rxb2+ 27. Kxb2 exd4
28. b4 b6 29. Ba6 Rc7 30. Re1+ Kd8 31. Bb5 Rf7 32. Kb3 bxc5 33. bxc5 Bf8 34. Re5
Rf3+ 35. Kc4 Rc3+ 36. Kxd4 Rxc5 37. Rxc5 Ne6+ 38. Kd5 Nxc5 39. Rf5 Be7 40. Rf7
a6 41. Be2 Nd7 42. Bxa6 h5 43. Bb5 h4 44. Rg7 h3 45. Rg3 h2 46. Rh3 Ba3 47. Rxh2
Nf6+ 48. Ke6 Ne4 49. Rh4 Ng5+ 50. Kf5 Nf7 51. Be2 Ke7 52. Rh7 Kf8 53. Bh5 Nd6+
54. Ke6 Ne4 55. Rf7+ Kg8 56. Rf4 Nc5+ 57. Kd5 Nd7 58. Be8 Nf8 59. Rg4+ Kh7 60.
Ke5 Bb2+ 61. Kf5 Bc3 62. Rc4 Ba1 63. Rc7+ Kh6 64. Rf7 Bg7 65. Ra7 Bb2 66. Ra2
Bc3 67. Rc2 Ba1 68. Rd2 Bc3 69. Rd3 Bb2 70. Bh5 Ba1 71. Bd1 Bb2 72. Rd8 Kg7 73.
Rd2 Bc3 74. Rc2 Ba1 75. Bg4 Bd4 76. Rc7+ Kh6 77. Ke4 Bb2 78. Bf5 Kg5 79. Rf7 Ng6
80. Rb7 Bf6 81. Rb1 Nh4 82. Rg1+ Kh6 83. Bc8 Bg5 84. Bf5 Kh5 85. Rb1 Bd2 86. Rb2
Bc3 87. Rc2 Bf6 88. Bd7 Kg5 89. Rc8 Bg7 90. Rg8 Kf6 91. Be8 Nf5 92. Ba4 Ne7 93.
Ra8 Kg5 94. Ra5+ Kf6 95. Be8 Bh8 96. Ra6+ Kg5 97. Re6 1/2-1/2

[Event "57th World Juniors 2018"]
[Site "Manavgat TUR"]
[Date "2018.09.11"]
[Round "7.31"]
[White "Escalante Ramirez, Brian Sebasti"]
[Black "Pang, Tao"]
[Result "1-0"]
[WhiteTitle "IM"]
[WhiteElo "2436"]
[BlackElo "2290"]
[WhiteFideId "3819566"]
[BlackFideId "8609950"]
[EventDate "2018.09.05"]

1. e4 e6 2. d4 d5 3. Bd3 dxe4 4. Bxe4 Nf6 5. Bf3 c5 6. Ne2 Nc6 7. Be3 cxd4 8.
Nxd4 Ne5 9. Nc3 Bb4 10. Nb5 Bd7 11. Qd4 Nxf3+ 12. gxf3 Qa5 13. a3 Bxc3+ 14. Nxc3
e5 15. Qb4 Qxb4 16. axb4 O-O 17. Ra5 Bc6 18. Ke2 e4 19. f4 a6 20. Bd4 Nd7 21.
Nd5 Bxd5 22. Rxd5 Rad8 23. Rd1 Nb8 24. Bc5 Rxd5 25. Rxd5 Re8 26. c4 g6 27. b5
axb5 28. cxb5 f5 29. Rd6 Kf7 30. Ba7 Ke7 31. Rb6 Nd7 32. Rxb7 Rc8 33. Kd2 Kd6
34. b6 Kc6 35. Rxd7 1-0

[Event "57th World Juniors 2018"]
[Site "Manavgat TUR"]
[Date "2018.09.11"]
[Round "7.32"]
[White "Raja, Harshit"]
[Black "Lee, Jun Hyeok"]
[Result "0-1"]
[WhiteTitle "IM"]
[BlackTitle "FM"]
[WhiteElo "2419"]
[BlackElo "2263"]
[WhiteFideId "5089000"]
[BlackFideId "13202340"]
[EventDate "2018.09.05"]

1. e4 g6 2. d4 Bg7 3. Nc3 d6 4. Be3 a6 5. Qd2 b5 6. f3 Bb7 7. O-O-O Nd7 8. Kb1
Rc8 9. h4 h6 10. Nh3 c5 11. dxc5 Nxc5 12. Bd4 Bxd4 13. Qxd4 Nf6 14. Nd5 Bxd5 15.
exd5 Qb6 16. f4 Na4 17. Be2 Qxd4 18. Rxd4 Nb6 19. Bf3 Rc4 20. Rd3 Kd7 21. g4 h5
22. g5 Ng4 23. b3 Rc5 24. c3 a5 25. Rhd1 Rhc8 26. Kb2 b4 27. c4 a4 28. Bxg4+
hxg4 29. Nf2 Rh8 30. Re1 Rxh4 31. Rde3 e6 32. dxe6+ fxe6 33. Rxe6 a3+ 34. Kc2
Rh2 35. Re7+ Kc6 36. R7e2 Nxc4 37. bxc4 Rxc4+ 38. Kb3 Kb5 39. Nd1 Rxe2 40. Rxe2
Rxf4 41. Kc2 g3 42. Kd3 Rf3+ 43. Kc2 d5 44. Kd2 b3 45. Nc3+ Kc4 46. axb3+ Kxb3
47. Re8 Rf4 48. Ne2 g2 49. Re3+ Kb4 50. Re8 a2 51. Ra8 Rf2 0-1

[Event "57th World Juniors 2018"]
[Site "Manavgat TUR"]
[Date "2018.09.11"]
[Round "7.33"]
[White "Wadsworth, Matthew J"]
[Black "Gokerkan, Cem Kaan"]
[Result "0-1"]
[WhiteTitle "FM"]
[BlackTitle "IM"]
[WhiteElo "2351"]
[BlackElo "2416"]
[WhiteFideId "415804"]
[BlackFideId "6336760"]
[EventDate "2018.09.05"]

1. g3 g6 2. Bg2 Bg7 3. d4 c5 4. d5 d6 5. e4 b5 6. a4 b4 7. Nd2 Ba6 8. Bf1 Bxf1
9. Kxf1 Nf6 10. Qf3 O-O 11. Ne2 e6 12. Nc4 exd5 13. exd5 Nbd7 14. Bg5 Re8 15.
Rd1 Ne5 16. Qb3 Qd7 17. Bxf6 Bxf6 18. h4 Nxc4 19. Qxc4 Bxb2 20. h5 Qe7 21. hxg6
hxg6 22. Rh4 Kg7 23. Qd3 Rh8 24. Re4 Rh1+ 25. Ng1 Qd7 26. g4 Re8 27. Kg2 Rxe4
28. Qxe4 Rh4 29. f3 Qxa4 30. Nh3 Qd7 31. Kg3 Rh8 32. Re1 a5 33. f4 a4 34. f5 Bf6
35. Kg2 g5 0-1

[Event "57th World Juniors 2018"]
[Site "Manavgat TUR"]
[Date "2018.09.11"]
[Round "7.34"]
[White "Garayev, Kanan"]
[Black "Agibileg, Uurtsaikh"]
[Result "1-0"]
[WhiteTitle "FM"]
[WhiteElo "2404"]
[BlackElo "2321"]
[WhiteFideId "13406671"]
[BlackFideId "4901606"]
[EventDate "2018.09.05"]

1. d4 Nf6 2. c4 g6 3. g3 Bg7 4. Bg2 O-O 5. Nf3 d6 6. Nc3 Nbd7 7. O-O e5 8. e4
exd4 9. Nxd4 Re8 10. h3 Nc5 11. Re1 Bd7 12. Bf4 Qc8 13. Kh2 h6 14. b4 Ne6 15.
Nxe6 Bxe6 16. Nd5 g5 17. Bd2 Nd7 18. Rc1 c6 19. Ne3 Qd8 20. f4 b5 21. Nf5 Bxf5
22. exf5 Rxe1 23. Qxe1 bxc4 24. Rxc4 Nb6 25. Rxc6 d5 26. fxg5 hxg5 27. b5 Rc8
28. Qc1 Bf6 29. Ba5 Rxc6 30. bxc6 Be5 31. Qc5 Qc7 32. Qe3 Qd6 33. Qxg5+ Kh7 34.
c7 Nc8 35. f6 Qxf6 36. Qxf6 Bxf6 37. Bxd5 1-0

[Event "57th World Juniors 2018"]
[Site "Manavgat TUR"]
[Date "2018.09.11"]
[Round "7.36"]
[White "Nyambileg, Erdene-Ochir"]
[Black "Nikolovski, Nikola"]
[Result "1/2-1/2"]
[BlackTitle "IM"]
[WhiteElo "1798"]
[BlackElo "2388"]
[WhiteFideId "4901932"]
[BlackFideId "15002314"]
[EventDate "2018.09.05"]

1. d4 Nf6 2. c4 c5 3. d5 e6 4. Nc3 exd5 5. cxd5 d6 6. e4 g6 7. Nf3 Bg7 8. h3 O-O
9. Bd3 Nh5 10. O-O Nd7 11. Bg5 Bf6 12. Be3 Re8 13. Be2 Bxc3 14. bxc3 Rxe4 15.
Nd2 Rxe3 16. fxe3 Nhf6 17. e4 Qe7 18. Qc2 Ne5 19. Rf2 b6 20. Raf1 Nfd7 21. Rf4
Bb7 22. Bb5 Rf8 23. c4 Nb8 24. Nf3 Ned7 25. h4 Bc8 26. h5 g5 27. Rf5 h6 28. Qd2
f6 29. Qd3 Ne5 30. Nxe5 Bxf5 31. Rxf5 dxe5 32. Rf2 Nd7 33. Qh3 Rf7 34. Qf5 Nf8
35. Qc8 Qd6 36. Be8 Rc7 37. Qf5 Kg7 38. Rf3 Re7 39. Bc6 Rc7 40. Ra3 Qe7 41. Rb3
Qd8 42. a4 Kf7 43. Rb5 Rc8 44. Qh3 a5 45. Rxb6 Qxb6 46. Qxc8 Qb1+ 47. Kh2 Qxe4
48. Qe8+ 1/2-1/2

[Event "57th World Juniors 2018"]
[Site "Manavgat TUR"]
[Date "2018.09.11"]
[Round "7.37"]
[White "Sevgi, Volkan"]
[Black "Martirosyan, Haik M."]
[Result "0-1"]
[WhiteTitle "FM"]
[BlackTitle "GM"]
[WhiteElo "2323"]
[BlackElo "2597"]
[WhiteFideId "6325335"]
[BlackFideId "13306553"]
[EventDate "2018.09.05"]

1. Nf3 Nf6 2. g3 d6 3. d4 g6 4. Bg2 Bg7 5. O-O O-O 6. c4 Nc6 7. Nc3 a6 8. Re1
Rb8 9. Rb1 Bf5 10. e4 Bg4 11. Be3 Nd7 12. h3 Bxf3 13. Bxf3 e5 14. d5 Ne7 15. g4
f5 16. gxf5 gxf5 17. exf5 Nxf5 18. Be4 Nxe3 19. Rxe3 Qh4 20. Rg3 Rf4 21. Qf1
Rxe4 22. Qg2 Rf4 23. Rxg7+ Kh8 24. f3 Rxf3 25. Rxh7+ Qxh7 26. Qxf3 Rf8 27. Qe3
Rf4 28. b3 Nf6 29. Rb2 Qh6 30. Re2 Qg5+ 31. Kh2 Qh5 32. Kg2 Ng4 33. Qa7 Qg6 34.
Qg1 Ne3+ 35. Kh2 Nf1+ 36. Kh1 Qd3 37. Qg5 Qxh3+ 38. Kg1 Rg4+ 39. Qxg4 Qxg4+ 40.
Kxf1 Qf3+ 0-1

[Event "57th World Juniors 2018"]
[Site "Manavgat TUR"]
[Date "2018.09.11"]
[Round "7.38"]
[White "Urazayev, Arystanbek"]
[Black "Sanal, Vahap"]
[Result "0-1"]
[WhiteTitle "CM"]
[BlackTitle "GM"]
[WhiteElo "2333"]
[BlackElo "2502"]
[WhiteFideId "13709810"]
[BlackFideId "6300545"]
[EventDate "2018.09.05"]

1. e4 e5 2. Nf3 Nc6 3. Bb5 a6 4. Ba4 Nf6 5. O-O Nxe4 6. d4 b5 7. Bb3 d5 8. dxe5
Be6 9. Be3 Be7 10. c3 O-O 11. Re1 Qd7 12. Bc2 Bg4 13. Nbd2 Nxd2 14. Bxd2 Nd8 15.
Qb1 g6 16. e6 Bxe6 17. Ne5 Qd6 18. Bf4 Qb6 19. a4 Bf6 20. axb5 Qxb5 21. Ba4 Qb6
22. b4 c6 23. Be3 Qc7 24. Bd4 Bg7 25. Qc1 Bf5 26. Qd2 a5 27. Bb3 Ne6 28. Ba4
axb4 29. cxb4 Nxd4 30. Qxd4 g5 31. Bxc6 Rxa1 32. Qxa1 Be4 33. Qa3 0-1

[Event "57th World Juniors 2018"]
[Site "Manavgat TUR"]
[Date "2018.09.11"]
[Round "7.39"]
[White "Suleymenov, Alisher"]
[Black "Asadli, Vugar"]
[Result "0-1"]
[WhiteTitle "FM"]
[BlackTitle "IM"]
[WhiteElo "2307"]
[BlackElo "2492"]
[WhiteFideId "13707833"]
[BlackFideId "13405764"]
[EventDate "2018.09.05"]

1. d4 Nf6 2. c4 g6 3. Nc3 Bg7 4. e4 d6 5. Be2 O-O 6. Be3 e5 7. d5 a5 8. g4 Na6
9. g5 Nd7 10. h4 Ndc5 11. h5 c6 12. Nf3 a4 13. Qd2 cxd5 14. cxd5 Bd7 15. Rh4 Qa5
16. Kf1 a3 17. Kg2 axb2 18. Qxb2 b5 19. a3 Rfc8 20. Bd2 Nc7 21. hxg6 hxg6 22.
Nh2 b4 23. Nb1 Rcb8 24. Nf1 Qa4 25. Qc1 b3 26. Qb2 Nxd5 27. Ng3 Nf4+ 28. Bxf4
exf4 29. Nc3 Qd4 30. e5 Bc6+ 31. f3 Qxe5 0-1

[Event "57th World Juniors 2018"]
[Site "Manavgat TUR"]
[Date "2018.09.11"]
[Round "7.40"]
[White "Tang, Andrew"]
[Black "Ozenir, Ekin Baris"]
[Result "1-0"]
[WhiteTitle "GM"]
[BlackTitle "FM"]
[WhiteElo "2489"]
[BlackElo "2303"]
[WhiteFideId "2059630"]
[BlackFideId "6357415"]
[EventDate "2018.09.05"]

1. d4 Nf6 2. c4 e6 3. Nc3 Bb4 4. Qc2 O-O 5. Nf3 c5 6. dxc5 Na6 7. g3 Nxc5 8. Bg2
b6 9. O-O Bb7 10. Nb5 Be4 11. Qd1 Nb7 12. a3 Be7 13. Bf4 Rc8 14. Rc1 a6 15. Nc3
Bxf3 16. Bxf3 Na5 17. e4 Ne8 18. Be2 Nxc4 19. Qa4 Ned6 20. Bxd6 Nxd6 21. Bxa6
Ra8 22. e5 Ne8 23. Qc4 d5 24. Qe2 Nc7 25. Bd3 Qd7 26. Rc2 Rfc8 27. h4 f5 28.
Rfc1 Qd8 29. Qf3 g6 30. Ne2 Bf8 31. Rc3 Qd7 32. Nd4 Bc5 33. Qf4 Ne8 34. Bb5 Qd8
35. Nxe6 Qe7 36. Nd4 Qd8 37. b4 Bxd4 38. Qxd4 Rxc3 39. Rxc3 Ng7 40. Bc6 Ra7 41.
Bxd5+ Kh8 42. e6 h6 43. Qe5 Kh7 44. Kg2 Re7 45. Rc6 Ra7 46. Qd6 Qxd6 47. Rxd6
Rxa3 48. Rd8 Ra7 49. Rd7 1-0

[Event "57th World Juniors 2018"]
[Site "Manavgat TUR"]
[Date "2018.09.11"]
[Round "7.41"]
[White "Garidmagnai, Byambasuren"]
[Black "Kevlishvili, Robby"]
[Result "1/2-1/2"]
[WhiteTitle "FM"]
[BlackTitle "IM"]
[WhiteElo "2287"]
[BlackElo "2485"]
[WhiteFideId "4902963"]
[BlackFideId "1040634"]
[EventDate "2018.09.05"]

1. d4 d5 2. c4 c6 3. Nc3 Nf6 4. e3 e6 5. Nf3 Nbd7 6. Qc2 Bd6 7. b3 O-O 8. Be2 e5
9. cxd5 cxd5 10. Nb5 Bb4+ 11. Bd2 Bxd2+ 12. Nxd2 a6 13. dxe5 Nxe5 14. Nd4 Bg4
15. Bxg4 Nfxg4 16. h3 Rc8 17. Qb1 Rc1+ 18. Qxc1 Nd3+ 19. Ke2 Nxc1+ 20. Raxc1 Nf6
21. Rc2 g6 22. Rhc1 Qd6 23. Kf1 Re8 24. a4 Re7 25. Kg1 Kg7 26. N2f3 Ne4 27. Nd2
Nf6 28. N2f3 Ne8 29. Nh4 Qf6 30. Nhf3 Qb6 31. Ne1 Rc7 32. Nd3 Rxc2 33. Rxc2 Nf6
34. Nf4 Qa5 35. Nd3 Ne4 36. f3 Nf6 37. Kf2 h5 38. Nc5 Qb6 39. h4 Ne8 40. Nd3 Qd8
41. g3 Qd7 42. Nf4 Kh6 43. Kg2 Nc7 44. Rd2 b5 45. axb5 Nxb5 46. Nfe2 Qe7 47. Kf2
Qc5 48. Nxb5 Qxb5 49. Ra2 Kg7 50. Nd4 Qd3 51. Rc2 Qd1 52. Ra2 Qh1 53. Ne2 Qh2+
54. Kf1 Qh3+ 55. Kf2 Qc8 56. Nd4 Kh6 57. Ra5 Qb7 58. Rc5 Qb4 59. Rc2 Qa3 60. Rc7
Qb2+ 61. Rc2 Qb1 62. Rc7 Qh1 63. Ne2 Kg7 64. Rc5 Qd1 65. Ra5 Qd3 66. Ra2 Kh6 67.
Nd4 a5 68. Rc2 Qd1 69. f4 Kg7 70. Ra2 Kf6 71. Rc2 Qh1 72. Rc6+ Kg7 73. Nf3 Qd1
74. Nd4 Qd2+ 75. Kf3 Qe1 76. Rc2 Qf1+ 77. Rf2 Qh1+ 78. Rg2 f6 79. Kf2 Qd1 80.
Rg1 Qd2+ 81. Kf3 Kf7 82. Ra1 Qd3 83. Kf2 g5 84. hxg5 fxg5 85. fxg5 Kg6 86. Ne2
Qxb3 87. Rxa5 Kxg5 88. Ra8 Qb7 89. Rf8 Qe7 1/2-1/2

[Event "57th World Juniors 2018"]
[Site "Manavgat TUR"]
[Date "2018.09.11"]
[Round "7.42"]
[White "Amartuvshin, Ganzorig"]
[Black "Makhnev, Denis"]
[Result "1/2-1/2"]
[WhiteTitle "FM"]
[BlackTitle "IM"]
[WhiteElo "2280"]
[BlackElo "2449"]
[WhiteFideId "4902548"]
[BlackFideId "13707647"]
[EventDate "2018.09.05"]

1. d4 d5 2. c4 Nc6 3. Nc3 dxc4 4. Nf3 Nf6 5. Bg5 h6 6. Bh4 Bg4 7. d5 Bxf3 8.
gxf3 Ne5 9. Bg3 Ned7 10. e4 Nh5 11. f4 Nxg3 12. hxg3 c6 13. dxc6 bxc6 14. Bxc4
e6 15. O-O Be7 16. Qf3 Qb6 17. Rad1 Rd8 18. e5 O-O 19. b3 Qc7 20. Kg2 Nb6 21.
Bd3 Nd5 22. Nxd5 Rxd5 23. Qe4 g6 24. Bc4 Rxd1 25. Bxe6 Kg7 26. Bxf7 Kxf7 27.
Rxd1 Rd8 28. Rc1 c5 29. f5 Rd4 30. fxg6+ Kg7 31. Qf3 Kxg6 32. e6 Bf6 33. Re1 Qd6
34. Qa8 Qe7 35. Qf3 h5 36. Re3 a5 37. Qe2 h4 38. Qc2+ Kh6 39. Qf5 Kg7 40. gxh4
Bxh4 41. Rf3 Qg5+ 42. Qxg5+ Bxg5 43. Rf5 Bd8 44. Rxc5 Kf6 45. Rc6 Be7 46. Ra6
Rd5 47. Kf3 Kf5 48. Ke3 Bb4 49. f3 Bc5+ 50. Ke2 Be7 51. Ra8 Kxe6 52. Ke3 Kf5 53.
f4 Bb4 54. Rh8 Rd1 55. Rh5+ Kg6 56. Rg5+ Kf6 57. a3 Bc3 58. b4 axb4 59. axb4
Bxb4 60. Rb5 Bd6 61. Ke2 Rd4 62. Rb2 Bxf4 63. Kf1 Kf5 64. Rb5+ Ke4 65. Rb2 Be3
66. Rg2 Rd1+ 67. Ke2 Rc1 68. Rg4+ Bf4 69. Rg2 Ra1 70. Rf2 Bg3 71. Rg2 Ra3 72.
Kd1 Bf4 73. Re2+ Kf3 74. Rb2 Rc3 75. Rf2+ Ke4 76. Rc2 Rh3 77. Re2+ Be3 78. Rc2
Kf3 79. Rb2 Rh8 80. Kc2 Ke4 81. Rb7 Rh2+ 82. Kb3 Kd3 83. Ka4 Rh5 84. Rb3+ Kd4
85. Rb4+ Kd5 86. Rb5+ Bc5 87. Rb3 Rh8 88. Kb5 Ra8 89. Rd3+ Bd4 90. Rb3 Ra1 91.
Rb4 Bc3 92. Rb3 Rc1 93. Ka6 Bd4 94. Rb5+ Bc5 95. Rb7 Bd4 96. Kb5 Rc5+ 97. Ka4
Rc1 98. Kb5 Bc5 99. Rd7+ Bd6 100. Rb7 Bc7 101. Ka4 Kc6 102. Rb3 Bd6 103. Rb2 Rc3
104. Rb6+ Kxb6 1/2-1/2

[Event "57th World Juniors 2018"]
[Site "Manavgat TUR"]
[Date "2018.09.11"]
[Round "7.43"]
[White "Ozgur, Tibet Kagan"]
[Black "Ozen, Deniz"]
[Result "0-1"]
[BlackTitle "FM"]
[WhiteElo "2056"]
[BlackElo "2431"]
[WhiteFideId "6322832"]
[BlackFideId "6349196"]
[EventDate "2018.09.05"]

1. c4 e5 2. g3 Nf6 3. Bg2 Nc6 4. Nc3 Bb4 5. Nd5 Bc5 6. e3 O-O 7. Ne2 Nxd5 8.
cxd5 Ne7 9. O-O d6 10. d4 exd4 11. Nxd4 Nf5 12. Nb3 Bb6 13. a4 a6 14. Qd3 Qf6
15. Bd2 Re8 16. Bc3 Qh6 17. e4 Ne7 18. a5 Ba7 19. Bd4 Bxd4 20. Nxd4 Bd7 21. Rac1
c5 22. dxc6 Nxc6 23. Nxc6 Bxc6 24. Rfd1 Qg5 25. b4 Rad8 26. f4 Qe7 27. Kf2 h6
28. Re1 Qf6 29. Qc3 Qe6 30. Qc4 Qe7 31. Rcd1 Ba4 32. Rd4 Rc8 33. Qd3 Rc2+ 34.
Kg1 Qe6 35. Ra1 Ra2 36. Rxa2 Qxa2 37. Rxd6 Bc2 38. Qd2 Qb1+ 39. Kf2 Bxe4 40. Rd8
Rxd8 41. Qxd8+ Kh7 42. Bxe4+ Qxe4 43. Qd2 h5 44. Qe1 Qd5 45. Qb1+ Kg8 46. Qb2
Qe4 47. Qc3 Kh7 48. Qe1 Qd5 49. Qb1+ g6 50. Qb2 Qe4 51. Qd2 Kg7 52. Qc3+ Kh7 53.
Qd2 Qh1 54. Ke3 Qg1+ 55. Qf2 Qb1 56. Qd2 Qg1+ 57. Qf2 Qh1 58. Kd4 Qc6 59. Qd2
Qb5 60. Qc3 Qd7+ 61. Kc5 Qc6+ 62. Kd4 Qd6+ 63. Ke3 Qe6+ 64. Kd4 Qd6+ 65. Ke3 Qd5
66. Qd2 Qb3+ 67. Kd4 Qe6 68. Kc5 Qc6+ 69. Kd4 b6 70. axb6 Qxb6+ 71. Ke4 Qe6+ 72.
Kf3 h4 73. gxh4 Qh3+ 74. Ke4 Qxh4 75. Kf3 Qh3+ 76. Ke4 Qb3 77. Kd4 Qa4 78. Ke3
Qb5 79. Kf3 Qf5 80. Kg3 Qe4 81. Qc3 Qd5 82. Kf2 Qe6 83. Kg3 Kg8 84. Qd2 Qf6 85.
Kg4 Qa1 86. Qd8+ Kg7 87. Qd2 f5+ 88. Kf3 Qf1+ 89. Kg3 Qg1+ 90. Kf3 Kh6 91. Qf2
Qd1+ 92. Kg2 Kg7 93. Qa7+ Kh6 94. Qf2 Qd6 95. Qb2 Qxf4 96. Qh8+ Kg5 97. Qd8+ Kh5
98. Qh8+ Qh6 99. Qc3 Qg5+ 100. Kh1 Qf4 101. Qh3+ Kg5 102. Qg2+ Kh6 103. Qh3+ Kg7
104. Qc3+ Kf7 105. Qb3+ Ke7 106. Qa3 Qf1# 0-1